Efektivní inovace

Salvato in:
Dettagli Bibliografici
Autore principale: Adair, John
Altri autori: Tušlová, Kateřina
Natura: Libro
Lingua:ceco
Pubblicazione: Praha Alfa Publishing 2004
Serie:Management praxe
Soggetti:
Tags: Aggiungi Tag
Nessun Tag, puoi essere il primo ad aggiungerne!!

MARC

LEADER 00000nam$a2200000$$$4500
001 0023075
005 20240306141339.0
020 |a 80-86851-04-4 
041 0 |a cze 
044 |a CZ 
245 1 0 |a Efektivní inovace  |c John Adair ; překlad: Kateřina Tušlová 
264 1 |a Praha  |b Alfa Publishing  |c 2004 
300 |a 233 s. 
490 1 |a Management praxe 
830 0 |a Management praxe 
610 2 0 |a inovácia 
610 2 0 |a efektívnosť inovácií 
610 2 0 |a tvorivosť vedecká 
610 2 0 |a vynálezy 
610 2 0 |a manažment inovačný 
610 2 0 |a brainstorming 
610 2 0 |a návrhy zlepšovacie 
100 1 |a Adair, John 
700 1 |a Tušlová, Kateřina